Environmentálne prijateľné spracovanie odpadu z kávy
Saved in:
| Main Author: | |
|---|---|
| Other Authors: | |
| Format: | Manuscript Book |
| Language: | Slovak |
| Published: |
2021
|
| Subjects: | |
| Online Access: | http://is.stuba.sk/zp/portal_zp.pl?podrobnosti=158445 |
| Tags: |
No Tags, Be the first to tag this record!
|
MARC
| LEADER | 00000ntm a22000003a 4500 | ||
|---|---|---|---|
| 001 | stuzp84781 | ||
| 003 | SK-STU | ||
| 005 | 20210612213502.3 | ||
| 007 | ta | ||
| 008 | 150427s2015----xo-----f-mn---000-0-slo-d | ||
| 040 | |a STU |b slo | ||
| 041 | 0 | |a slo | |
| 100 | 1 | |a Ondriš, Filip |u 065000 |k Z4 |4 aut |U MTF Materiálovotechnologická fakulta |T MTF Ústav integrovanej bezpečnosti |X 88331 |U M5000 |Y 85 |7 88331 | |
| 242 | 0 | 1 | |a Environmentally suitable treatment of coffee waste |y eng |
| 245 | 1 | 0 | |a Environmentálne prijateľné spracovanie odpadu z kávy |
| 260 | |c 2021 | ||
| 650 | 4 | |a káva |2 slo | |
| 650 | 4 | |a odpad |2 slo | |
| 650 | 4 | |a briketa |2 slo | |
| 650 | 4 | |a tuhé palivo |2 slo | |
| 650 | 4 | |a bio palivo |2 slo | |
| 650 | 4 | |a environment |2 slo | |
| 650 | 4 | |a coffee |2 eng | |
| 650 | 4 | |a waste |2 eng | |
| 650 | 4 | |a briquette |2 eng | |
| 650 | 4 | |a solid fuel |2 eng | |
| 650 | 4 | |a biofuel |2 eng | |
| 650 | 4 | |a environment |2 eng | |
| 700 | 1 | |a Soldán, Maroš |u 065000 |k Z1 |4 ths |U MTF Materiálovotechnologická fakulta |T MTF Ústav integrovanej bezpečnosti |X 2878 |U M5000 |Y 85 |7 A000002878 | |
| 856 | 4 | |u http://is.stuba.sk/zp/portal_zp.pl?podrobnosti=158445 | |
| 996 | |c M* DP-14732 |l MMSKP |s P |a 0 |w stuzp84781_0001 | ||